|
|
|
|
| LEADER |
01627nam a2200385 a 4500 |
| 001 |
mzk03001074172 |
| 003 |
CZ BrMZK |
| 005 |
20120215080836.0 |
| 007 |
ta |
| 008 |
090803s1736 ne f fr|||||00| ||freod |
| 040 |
|
|
|a BOA001
|b cze
|
| 041 |
0 |
|
|a fre
|a lat
|
| 072 |
|
7 |
|a 094
|x Staré tisky
|2 Konspekt
|9 12
|
| 080 |
|
|
|a (0.068)094
|2 MRF
|
| 100 |
0 |
|
|a Petronius Arbiter,
|d -66
|7 jn19981001972
|4 aut
|
| 245 |
1 |
0 |
|a Petrone Latin et François :
|b Traduction entiere suivant le Manuscrit trouvé à Belgrade en 1688. Avec plusieurs Remarques & Additions, qui manquent dans la premiere Edition.
|n Tome Premier
|
| 250 |
|
|
|a Nouvelle Edition. Augmentée de la Contre-Critique de Petrone
|
| 260 |
|
|
|a A Amsterdam :
|b Aux dépens de la Compagnie,
|c 1736
|
| 300 |
|
|
|a [1], xlix, [4], 383 s., [4] příl. ;
|c 8°
|
| 500 |
|
|
|a Výzdoba: Mědirytinový frontispis, titulní strana tištěna červeně a černě, nad impresem mědirytina (Serere ne Dubites), vlysy, iniciály, mědirytinové přílohy
|
| 510 |
3 |
|
|a DNB
|
| 546 |
|
|
|a Souběžný latinský a francouzský text
|
| 561 |
|
|
|a Provenience: Gridens 1737 [?]
|
| 563 |
|
|
|a Kožená vazba se zlaceným hřbetem
|
| 655 |
|
7 |
|a staré tisky
|7 fd422076
|2 czenas
|
| 700 |
1 |
|
|a Nodot, François,
|d asi 1650-asi 1710
|7 mzk2009532651
|4 trl
|
| 903 |
|
|
|a RP
|
| 910 |
|
|
|a BOA001
|b CH-0005.139,1
|
| 978 |
|
|
|b Compagnie
|a Amsterdam
|c 1736
|
| 984 |
|
|
|a Amsterdam
|b Nizozemsko
|
| 985 |
|
|
|a 1701-1750
|
| 990 |
|
|
|a BK
|
| 993 |
|
|
|a Y
|
| 991 |
|
|
|k mzk
|
| 996 |
6 |
|
|b 2610389776
|c CH-0005.139,1
|l stud. ST
|r Sklad / do násl. otevíracího dne
|n 0
|h Bib.VII.B.24.1.R.
|w 001091758
|x 9
|u 000010
|a 1
|e BOA001
|s P
|